Marketing Communication Trends in Higher Education Environment

Predstavenie súčasných trendov v marketingu vo vysokoškolskom prostredí: marketing obsahu, sociálne médiá, vizuálny obsah správ, mobile friendly riešenia, inbound marketing, real-time bidding.

Na minha lista:
Detalhes bibliográficos
Autor principal: Petrů, Naděžda
Outros Autores: Marejka, Maroš
Formato: Capítulo de Livro
Idioma:inglês
Assuntos:
Tags: Adicionar Tag
Sem tags, seja o primeiro a adicionar uma tag!

MARC

LEADER 00000naa a2200000 4500
001 0267127
005 20220719070835.2
041 0 |a eng 
044 |a CZ 
245 1 0 |a Marketing Communication Trends in Higher Education Environment  |c Naděžda Petrů, Maroš Marejka 
520 |a Predstavenie súčasných trendov v marketingu vo vysokoškolskom prostredí: marketing obsahu, sociálne médiá, vizuálny obsah správ, mobile friendly riešenia, inbound marketing, real-time bidding. 
610 2 0 |a školy vysoké 
610 2 0 |a komunikácia marketingová 
610 2 0 |a segmentácia 
610 2 0 |a generácie 
610 2 0 |a technológie nové 
100 1 |a Petrů, Naděžda 
700 1 |a Marejka, Maroš